000 00389pab a2200157 454500
008 180718b2013 xxu||||| |||| 00| 0 eng d
100 _aSinha, Dipa
245 _aCost of implementing the national food security act
260 _c2013
300 _ap.31-34.
362 _a28 Sep
650 _aFood supply
773 _aEconomic and Political Weekly
908 _aN
909 _a101680
999 _c101678
_d101678